[Event "Brasilia op"]
[Site "Brasilia"]
[Date "2025.01.07"]
[Round "1"]
[White "Urquiza, Marcello de Albuque"]
[Black "Olivo, Anibal Ribeiro"]
[Result "1/2-1/2"]
[WhiteElo "2066"]
[BlackElo "1654"]
[PlyCount "80"]
[EventDate "2025.01.07"]
[EventType "swiss"]
[EventRounds "9"]
[EventCountry "BRA"]
[SourceTitle "CB12_2025"]
[SourceDate "2025.03.19"]
[SourceVersion "1"]
[SourceVersionDate "2025.03.19"]
[SourceQuality "1"]

1. e4 e5 2. Nf3 Nc6 3. d4 exd4 4. Nxd4 Nf6 5. Nc3 Bb4 6. Nxc6 bxc6 7. Bd3 0-0 8. 0-0 d5 9. exd5 Bg4 10. Ne2 cxd5 11. c3 Bd6 12. Qc2 Bh5 13. Ng3 Bxg3 14. fxg3 Bg6 15. Bg5 Qd6 16. Bxf6 gxf6 17. Rad1 Rfe8 18. Qd2 Re5 19. Rf4 Rae8 20. h3 Re3 21. Bf1 c6 22. Qf2 Kg7 23. g4 Qe5 24. Ba6 Re1+ 25. Rxe1 Qxe1+ 26. Qxe1 Rxe1+ 27. Rf1 Re7 28. Kf2 Be4 29. Rd1 Kg6 30. Bd3 Bxd3 31. Rxd3 f5 32. gxf5+ Kxf5 33. Rf3+ Kg6 34. b4 a5 35. a3 axb4 36. cxb4 f5 37. Rg3+ Kf6 38. Rf3 Kg5 39. Rg3+ Kf6 40. Rf3 Kg5 1/2-1/2

[Event "Caxambu op"]
[Site "Caxambu"]
[Date "2023.07.23"]
[Round "7"]
[White "Gomes, Marco Tulio Caldeir"]
[Black "Olivo, Anibal Ribeiro"]
[Result "1-0"]
[WhiteElo "1649"]
[BlackElo "1508"]
[PlyCount "65"]
[EventDate "2023.07.20"]
[EventType "swiss"]
[EventRounds "7"]
[EventCountry "BRA"]
[SourceTitle "CBM 215 Extra"]
[Source "ChessBase"]
[SourceDate "2023.09.30"]
[SourceVersion "1"]
[SourceVersionDate "2023.09.30"]
[SourceQuality "1"]

1. c4 Nf6 2. Nc3 g6 3. g3 Bg7 4. Bg2 0-0 5. d3 d6 6. e4 c6 7. Nge2 a5 8. 0-0 Na6 9. h3 Qc7 10. f4 e5 11. f5 Bd7 12. g4 h5 13. g5 Ne8 14. f6 Bh8 15. Ng3 Qd8 16. Qf3 Nb4 17. a3 Nc2 18. Rb1 Nd4 19. Qf2 b5 20. b3 b4 21. Nce2 Ne6 22. a4 Rb8 23. Be3 Bc8 24. Qf3 Rb7 25. Rf2 Rd7 26. Rbf1 Bb7 27. Nxh5 gxh5 28. Qxh5 d5 29. g6 fxg6 30. Qxg6+ Bg7 31. f7+ Rdxf7 32. Rxf7 Rxf7 33. Qxf7+ 1-0

[Event "Caxambu Casa do Xadrez op"]
[Site "Caxambu"]
[Date "2022.07.24"]
[Round "6"]
[White "Olivo, Anibal Ribeiro"]
[Black "Martins de Aguiar, Marina"]
[Result "0-1"]
[WhiteElo "1533"]
[BlackElo "1812"]
[PlyCount "76"]
[EventDate "2022.07.22"]
[EventType "swiss"]
[EventRounds "6"]
[EventCountry "BRA"]
[SourceTitle "CBM 209 Extra"]
[Source "ChessBase"]
[SourceDate "2022.09.30"]
[SourceVersion "1"]
[SourceVersionDate "2022.09.30"]
[SourceQuality "1"]

1. e4 c5 2. Nf3 e6 3. d4 cxd4 4. Nxd4 Nf6 5. Nc3 Nc6 6. Be3 Bb4 7. Nxc6 bxc6 8. Bd3 d5 9. exd5 cxd5 10. Bd2 0-0 11. 0-0 h6 12. a3 Bd6 13. Re1 Rb8 14. b3 Bd7 15. Qf3 Qe7 16. h3 Qd8 17. Bf4 Bc6 18. a4 Rc8 19. Bxd6 Qxd6 20. Qe2 Nd7 21. Rac1 Nc5 22. Bb5 Bxb5 23. Nxb5 Qb8 24. Qe3 a6 25. Nd4 Ne4 26. c4 Nf6 27. c5 Ne4 28. c6 Rc7 29. Qe2 Qb6 30. Red1 Re8 31. Rb1 Nc3 32. Qb2 Nxb1 33. Rxb1 Qb4 34. Rc1 Rd8 35. Rc3 Qxc3 36. Qxc3 e5 37. Nf3 e4 38. Kf1 d4 0-1

[Event "Caxambu Casa do Xadrez op"]
[Site "Caxambu"]
[Date "2022.07.22"]
[Round "1"]
[White "Silva, Kaua Marques"]
[Black "Olivo, Anibal Ribeiro"]
[Result "1-0"]
[WhiteElo "2163"]
[BlackElo "1533"]
[PlyCount "69"]
[EventDate "2022.07.22"]
[EventType "swiss"]
[EventRounds "6"]
[EventCountry "BRA"]
[SourceTitle "CBM 209 Extra"]
[Source "ChessBase"]
[SourceDate "2022.09.30"]
[SourceVersion "1"]
[SourceVersionDate "2022.09.30"]
[SourceQuality "1"]

1. e4 e5 2. Nf3 Nc6 3. Bb5 a6 4. Ba4 Nf6 5. 0-0 b5 6. Bb3 Be7 7. Re1 d6 8. c3 0-0 9. h4 Na5 10. Bc2 c5 11. d4 Nd7 12. d5 Nb6 13. Nbd2 f5 14. exf5 Bxf5 15. Bxf5 Rxf5 16. Ne4 Qd7 17. g4 Rff8 18. Ng3 Rf7 19. Nf5 Raf8 20. Bg5 Bxg5 21. Nxg5 Rf6 22. Ne4 Rg6 23. Neg3 Rgf6 24. Re2 g6 25. Ne3 Qf7 26. Ne4 Rf4 27. Ng5 Qe7 28. Ne6 Qxh4 29. Qf1 Rf3 30. Nxf8 Rh3 31. Qg2 Kxf8 32. Rae1 Nd7 33. Nf1 Qh6 34. Ng3 Nf6 35. g5 1-0

[Event "BRA-ch 87th"]
[Site "Cuiaba"]
[Date "2021.10.29"]
[Round "3"]
[White "Moyses Sobrinho, Elias"]
[Black "Olivo, Anibal Ribeiro"]
[Result "1-0"]
[WhiteElo "1858"]
[BlackElo "1588"]
[PlyCount "123"]
[EventDate "2021.10.28"]
[EventType "swiss"]
[EventRounds "11"]
[EventCountry "BRA"]
[SourceTitle "CBM 205 Extra"]
[Source "ChessBase"]
[SourceDate "2022.01.31"]
[SourceVersion "1"]
[SourceVersionDate "2022.01.31"]
[SourceQuality "1"]

1. d4 Nf6 2. c4 g6 3. Nc3 Bg7 4. e4 d6 5. Nf3 0-0 6. Be2 e5 7. dxe5 dxe5 8. Qxd8 Rxd8 9. Bg5 Re8 10. Nd5 Nxd5 11. cxd5 c6 12. Bc4 cxd5 13. Bxd5 Nd7 14. 0-0 Nc5 15. Rac1 Nd3 16. Rc7 Be6 17. Bxe6 Rxe6 18. Rxb7 Rc6 19. Rd1 Nc5 20. Rb4 Rb6 21. Rc4 Ne6 22. b3 Nxg5 23. Nxg5 h6 24. Nf3 Rab8 25. g3 R8b7 26. Rd5 f6 27. Ra5 Rd6 28. Rca4 Rdd7 29. Ra6 Kf7 30. Rc4 Bf8 31. Rcc6 Be7 32. g4 Rd3 33. Kg2 Rbd7 34. h4 R3d6 35. g5 hxg5 36. hxg5 Rxc6 37. Rxc6 Rd6 38. Rc7 Ra6 39. a4 Ke6 40. gxf6 Kxf6 41. Nd2 Bd6 42. Rb7 Bc5 43. Nc4 Bd4 44. Kf3 Rc6 45. Ke2 Ke6 46. Rb5 a6 47. Rd5 g5 48. Kf3 Kf6 49. Kg4 Re6 50. f3 Rc6 51. Rd8 Kf7 52. Kxg5 Rg6+ 53. Kh5 Rg3 54. b4 Rxf3 55. Rxd4 Rg3 56. Nxe5+ Ke6 57. Ng4 Ra3 58. a5 Rb3 59. Kg5 Rf3 60. Rc4 Kd6 61. e5+ Kd5 62. Rc5+ 1-0

[Event "Goiania Regional Center East"]
[Site "Goiania"]
[Date "2019.11.30"]
[Round "4"]
[White "Franca, Jairo Jr"]
[Black "Olivo, Anibal Ribeiro"]
[Result "1-0"]
[WhiteElo "1765"]
[BlackElo "1598"]
[PlyCount "44"]
[EventDate "2019.11.29"]
[EventType "swiss"]
[EventRounds "6"]
[EventCountry "BRA"]
[SourceTitle "EXT 2021"]
[Source "ChessBase"]
[SourceDate "2020.10.23"]
[SourceVersion "1"]
[SourceVersionDate "2020.10.23"]
[SourceQuality "1"]

1. c4 Nf6 2. Nc3 g6 3. e4 d6 4. Nf3 Bg7 5. d4 0-0 6. Be2 e5 7. 0-0 Nc6 8. d5 Ne7 9. Bg5 h6 10. Bd2 Ne8 11. Rc1 f5 12. b4 a5 13. a3 f4 14. c5 Rf7 15. Nb5 axb4 16. axb4 g5 17. Ne1 Nf6 18. f3 Ng6 19. Nd3 Bf8 20. Be1 g4 21. Nb2 h5 22. cxd6 cxd6 1-0

[Event "Goiania Regional Center East"]
[Site "Goiania"]
[Date "2019.11.30"]
[Round "3"]
[White "Olivo, Anibal Ribeiro"]
[Black "Santos, Luciano da Silva"]
[Result "0-1"]
[WhiteElo "1598"]
[BlackElo "1906"]
[PlyCount "62"]
[EventDate "2019.11.29"]
[EventType "swiss"]
[EventRounds "6"]
[EventCountry "BRA"]
[SourceTitle "EXT 2021"]
[Source "ChessBase"]
[SourceDate "2020.10.23"]
[SourceVersion "1"]
[SourceVersionDate "2020.10.23"]
[SourceQuality "1"]

1. e4 c5 2. Nc3 g6 3. g3 Bg7 4. Bg2 Nc6 5. d3 e6 6. f4 Nge7 7. Nf3 d5 8. exd5 exd5 9. 0-0 0-0 10. Bd2 Re8 11. Be1 h6 12. Bf2 d4 13. Ne4 b6 14. Re1 Be6 15. a3 Qd7 16. Qe2 Rad8 17. Qf1 Nd5 18. h4 f5 19. Ned2 Ne3 20. Bxe3 dxe3 21. Nc4 Bxc4 22. dxc4 Bxb2 23. Rad1 Qe7 24. Rxd8 Rxd8 25. Rd1 Nd4 26. Nxd4 cxd4 27. Bd5+ Kg7 28. Qe2 h5 29. a4 Qe8 30. c5 bxc5 31. Qa6 e2 0-1

[Event "Goiania Regional Center East"]
[Site "Goiania"]
[Date "2019.11.29"]
[Round "1"]
[White "Olivo, Anibal Ribeiro"]
[Black "Souza, Atahander"]
[Result "1/2-1/2"]
[WhiteElo "1598"]
[BlackElo "1946"]
[PlyCount "85"]
[EventDate "2019.11.29"]
[EventType "swiss"]
[EventRounds "6"]
[EventCountry "BRA"]
[SourceTitle "EXT 2021"]
[Source "ChessBase"]
[SourceDate "2020.10.23"]
[SourceVersion "1"]
[SourceVersionDate "2020.10.23"]
[SourceQuality "1"]

1. e4 d5 2. exd5 Qxd5 3. Nc3 Qd6 4. d4 Nf6 5. Nf3 Bg4 6. Be2 c6 7. h3 Bh5 8. 0-0 e6 9. Be3 Nbd7 10. a3 Qc7 11. Ng5 Bg6 12. Bd3 Be7 13. b4 Nd5 14. Nxd5 cxd5 15. Rc1 Nb6 16. Bb5+ Kf8 17. Qf3 Bxg5 18. Bxg5 Rc8 19. c3 Nc4 20. Bf4 Qe7 21. Bxc4 Rxc4 22. Qg3 Qd7 23. Ra1 b5 24. Bd6+ Kg8 25. Bc5 h5 26. Rfc1 Kh7 27. Qf3 Ra8 28. g4 hxg4 29. hxg4 Rh8 30. Qf4 Rc8 31. f3 a5 32. Kf2 Kg8 33. Qh2 a4 34. Rh1 f6 35. Rac1 e5 36. Qh4 exd4 37. Bxd4 Kf7 38. Rhe1 R4c7 39. Re3 Re8 40. Rce1 Rxe3 41. Rxe3 Rc6 42. Qh1 Re6 43. Qe1 1/2-1/2

[Event "BRA-ch Seniors 50+"]
[Site "Sao Paulo"]
[Date "2019.10.12"]
[Round "3"]
[White "Passos Coutinho, Eduardo"]
[Black "Olivo, Anibal Ribeiro"]
[Result "1/2-1/2"]
[WhiteElo "1662"]
[BlackElo "1613"]
[PlyCount "98"]
[EventDate "2019.10.11"]
[EventType "swiss"]
[EventRounds "5"]
[EventCountry "BRA"]
[SourceTitle "CBM 193 Extra"]
[Source "ChessBase"]
[SourceDate "2020.01.31"]
[SourceVersion "1"]
[SourceVersionDate "2020.01.31"]
[SourceQuality "1"]

1. e4 e5 2. Nf3 Nc6 3. Bb5 a6 4. Bxc6 dxc6 5. d4 exd4 6. Qxd4 Qxd4 7. Nxd4 Bd7 8. Be3 Nf6 9. f3 h5 10. Nd2 0-0-0 11. 0-0-0 Be7 12. Nc4 g6 13. Ne5 Be8 14. Bg5 Ng8 15. Bxe7 Nxe7 16. Nb3 f6 17. Rxd8+ Kxd8 18. Nd3 b6 19. Rd1 Kc8 20. h4 Bf7 21. Nf4 Bxb3 22. axb3 Rd8 23. Rxd8+ Kxd8 24. Kd2 Kd7 25. Kd3 Kd6 26. g3 c5 27. c3 b5 28. Ke3 c6 29. Kd3 Ke5 30. Ke3 Kd6 31. c4 Ke5 32. Nd3+ Kd6 33. f4 a5 34. Kf3 Nc8 35. g4 Nb6 36. cxb5 cxb5 37. gxh5 gxh5 38. e5+ fxe5 39. fxe5+ Kd5 40. e6 Kxe6 41. Nxc5+ Kf5 42. Ne4 b4 43. Ng3+ Kg6 44. Ne4 a4 45. bxa4 Nxa4 46. b3 Nb6 47. Kf4 Nd7 48. Nd2 Kf6 49. Ne4+ Kg6 1/2-1/2

[Event "BRA-ch Seniors 50+"]
[Site "Sao Paulo"]
[Date "2019.10.11"]
[Round "1"]
[White "Capelo, Martinho Figueira"]
[Black "Olivo, Anibal Ribeiro"]
[Result "1-0"]
[WhiteElo "1804"]
[BlackElo "1613"]
[PlyCount "101"]
[EventDate "2019.10.11"]
[EventType "swiss"]
[EventRounds "5"]
[EventCountry "BRA"]
[SourceTitle "CBM 193 Extra"]
[Source "ChessBase"]
[SourceDate "2020.01.31"]
[SourceVersion "1"]
[SourceVersionDate "2020.01.31"]
[SourceQuality "1"]

1. e4 e5 2. Nf3 Nc6 3. d4 exd4 4. Bc4 Nf6 5. e5 d5 6. Bb5 Ne4 7. Nxd4 Bd7 8. Nxc6 Bxc6 9. Bxc6+ bxc6 10. 0-0 Bc5 11. Nd2 Nxd2 12. Bxd2 0-0 13. Qg4 Qc8 14. Qg3 Qe6 15. Kh1 Bb6 16. Rae1 Rfe8 17. f4 Qf5 18. c3 Rad8 19. Qf3 h5 20. Be3 g6 21. a4 c5 22. a5 Bxa5 23. Bxc5 Bb6 24. Qf2 Rb8 25. b4 c6 26. Qd4 Rb7 27. Re3 g5 28. Rg3 g4 29. h3 Kh7 30. Bxb6 axb6 31. hxg4 hxg4 32. Qd3 Qxd3 33. Rxd3 b5 34. Kh2 Rg8 35. Kg3 Rg6 36. Rh1+ Kg8 37. Rh4 Kf8 38. Rxg4 Rh6 39. Rh4 Rg6+ 40. Kf3 Ra7 41. g4 Ra1 42. f5 Rg8 43. Kf4 Rf1+ 44. Rf3 Re1 45. Re3 Rf1+ 46. Kg3 Rg1+ 47. Kf3 Ke7 48. e6 f6 49. Re2 Rc1 50. Rh7+ Ke8 51. Ra2 1-0

[Event "Brasilia Terraviva op"]
[Site "Brasilia"]
[Date "2018.01.11"]
[Round "1"]
[White "Mendes, Antonio Daniel Nobr"]
[Black "Olivo, Anibal Ribeiro"]
[Result "1/2-1/2"]
[WhiteElo "2018"]
[BlackElo "1576"]
[PlyCount "96"]
[EventDate "2018.01.11"]
[EventType "swiss"]
[EventRounds "7"]
[EventCountry "BRA"]
[SourceTitle "CBM 182 Extra"]
[Source "ChessBase"]
[SourceDate "2018.02.23"]
[SourceVersion "1"]
[SourceVersionDate "2018.02.23"]
[SourceQuality "1"]

1. d4 Nf6 2. c4 g6 3. Nc3 Bg7 4. e4 d6 5. f4 0-0 6. Nf3 c5 7. d5 b6 8. Be2 a5 9. 0-0 Na6 10. e5 Nd7 11. exd6 exd6 12. f5 Ne5 13. fxg6 fxg6 14. Kh1 Nxf3 15. Bxf3 Bf5 16. g4 Bd7 17. Ne4 Be5 18. Bg5 Qe8 19. Qd2 Rf7 20. Rae1 Qf8 21. Bh6 Qe7 22. Ng5 Rf6 23. Ne6 Qe8 24. Bg7 Rf7 25. Bxe5 dxe5 26. Rxe5 Bxe6 27. dxe6 Rf6 28. Qg2 Rd8 29. Bd5 Rxf1+ 30. Qxf1 Qe7 31. Qf7+ Qxf7 32. exf7+ Kf8 33. Re6 Nc7 34. Rxb6 Nxd5 35. cxd5 Rxd5 36. Rb7 g5 37. Kg2 Rd2+ 38. Kg3 Rd3+ 39. Kg2 Rd2+ 40. Kf3 Rxh2 41. Ke4 Rf2 42. Kd5 Rxf7 43. Rb8+ Kg7 44. Kxc5 Rf4 45. Rb7+ Kg6 46. Rb6+ Kg7 47. Rb7+ Kg6 48. Rb6+ Kg7 1/2-1/2